Logo

OPEN PUBLIC ACCESS CATALOGUE

Refactoring: Improving the Design of Existing Code 2/e (Record no. 80)

MARC details
000 -LEADER
fixed length control field 00318nam a2200145Ia 4500
005 - DATE AND TIME OF LATEST TRANSACTION
control field 20260513122052.0
020 ## - INTERNATIONAL STANDARD BOOK NUMBER
International Standard Book Number 9780134757599
100 ## - MAIN ENTRY--PERSONAL NAME
Personal name Fowler
245 ## - TITLE STATEMENT
Title Refactoring: Improving the Design of Existing Code 2/e
260 ## - PUBLICATION, DISTRIBUTION, ETC.
Name of publisher, distributor, etc. Pearson
365 ## - TRADE PRICE
Currency code
365 ## - TRADE PRICE
Price amount 25.00
942 ## - ADDED ENTRY ELEMENTS (KOHA)
Koha item type Book
Holdings
Withdrawn status Lost status Damaged status Not for loan Home library Current library Date acquired Cost, normal purchase price Inventory number Total checkouts Barcode Date last seen Cost, replacement price Price effective from Koha item type
        University of New South Wales University of New South Wales 05/08/2026 65.99 16696   000146 05/13/2026 65.99 05/13/2026 Book